[Event "28. Cappelle Open"]
[Site "Cappelle la Grande FRA"]
[Date "2012.03.03"]
[Round "1"]
[White "Harikrishna, Pendyala"]
[Black "Berg, K"]
[Result "1-0"]
[WhiteElo "2678"]
[BlackElo "2416"]
[EventDate "2012.03.03"]

1.e4 c6 2.Nc3 d5 3.Qe2 Nf6 4.e5 Ng8 5.d4 Bf5 6.g4 Bd7 7.Be3 h5 8.gxh5 Nh6 
9.O-O-O Bg4 10.f3 Bf5 11.Qf2 e6 12.Nge2 Nd7 13.Rg1 Qa5 14.Ng3 Bh7 15.Kb1 
Rc8 16.Bxh6 gxh6 17.Bd3 c5 18.Nxd5 Bxd3 19.cxd3 exd5 20.Nf5 Rc6 21.Qh4 Qd8
22.Qf4 Qc7 23.Rde1 Kd8 24.Ne3 cxd4 25.Nxd5 Qa5 26.Qxf7 Ra6 27.Nf6 Be7 28.
Nxd7 Kxd7 29.Re4 Qb4 30.Rc1 Rc6 31.Rxc6 bxc6 32.Qg7 Qd2 33.Rxd4+ Ke6 34.
Qg6+ Kxe5 35.Re4+ Kd5 36.Qe6+ 1-0

[Event "28. Cappelle Open"]
[Site "Cappelle la Grande FRA"]
[Date "2012.03.03"]
[Round "1"]
[White "Mueller, Ralf1"]
[Black "Gharamian, Tigran"]
[Result "1/2-1/2"]
[WhiteElo "2412"]
[BlackElo "2671"]
[EventDate "2012.03.03"]

1.Nf3 c5 2.c4 Nc6 3.d4 cxd4 4.Nxd4 g6 5.e4 Bg7 6.Be3 Nf6 7.Nc3 O-O 8.Be2 
d6 9.Qd2 Ng4 10.Bxg4 Bxg4 11.O-O Qa5 12.f3 Be6 13.b3 Rfc8 14.Rad1 a6 15.
Nxc6 bxc6 16.Na4 Qxd2 17.Rxd2 Rd8 18.c5 f5 19.Rfd1 fxe4 20.cxd6 exd6 21.
Rxd6 Re8 22.Nc5 Bd5 23.Nxe4 Bxe4 24.fxe4 Rxe4 25.Rd8+ Rxd8 26.Rxd8+ Kf7 
27.Kf2 Re8 28.Rxe8 1/2-1/2

[Event "28. Cappelle Open"]
[Site "Cappelle la Grande FRA"]
[Date "2012.03.03"]
[Round "1"]
[White "Molina, Roberto Junio Brito"]
[Black "Lysyj, Igor"]
[Result "1-0"]
[WhiteElo "2407"]
[BlackElo "2656"]
[EventDate "2012.03.03"]

1.d4 Nf6 2.c4 e6 3.Nf3 b6 4.g3 Bb7 5.Bg2 Be7 6.Nc3 Ne4 7.Bd2 Bf6 8.Qc2 
Nxd2 9.Qxd2 O-O 10.e4 d6 11.d5 Nd7 12.Nd4 Re8 13.O-O-O a5 14.Kb1 Nc5 15.
Rhe1 a4 16.f4 e5 17.Nc2 Ba6 18.Na3 exf4 19.gxf4 g6 20.e5 Bg7 21.Nab5 Bc8 
22.e6 Ra5 23.exf7+ Kxf7 24.a3 Bf5+ 25.Ka2 Rxe1 26.Rxe1 Ra8 27.Ne4 Nxe4 28.
Bxe4 Bd7 29.f5 gxf5 30.Rf1 Kg8 31.Bxf5 Bxb5 32.cxb5 Kh8 33.Be6 Qh4 34.Rf4 
Qh6 35.Qf2 Rf8 36.Rf7 Bf6 37.Rxc7 Qg5 38.Qc2 Bg7 39.Qxa4 Qe5 40.Qc2 1-0

[Event "28. Cappelle Open"]
[Site "Cappelle la Grande FRA"]
[Date "2012.03.03"]
[Round "1"]
[White "Petrosian, Tigran L"]
[Black "Firat, Burak"]
[Result "1-0"]
[WhiteElo "2643"]
[BlackElo "2405"]
[EventDate "2012.03.03"]

1.e4 c5 2.Nf3 e6 3.d4 cxd4 4.Nxd4 Nc6 5.Nc3 d6 6.Be3 Nf6 7.Be2 Be7 8.O-O 
O-O 9.f4 Nxd4 10.Qxd4 b6 11.Rad1 Bb7 12.Bf3 Qc7 13.Nb5 Qb8 14.c4 Rd8 15.
Nc3 Qc7 16.Qd3 Rac8 17.b3 Qb8 18.Qe2 Nd7 19.f5 Bf6 20.fxe6 fxe6 21.Nb5 Nf8
22.Bg4 a6 23.Nd4 Re8 24.Bh5 Re7 25.Qg4 Kh8 26.Nf3 Qc7 27.Ng5 Rd8 28.Kh1 
Bc8 29.Qg3 b5 30.c5 e5 31.cxd6 Rxd6 32.Rxd6 Qxd6 33.Nf7+ Rxf7 34.Bxf7 Bb7 
35.Qf3 Qd3 36.Bc5 Bxe4 37.Qxd3 Bxd3 38.Rxf6 1-0

[Event "28. Cappelle Open"]
[Site "Cappelle la Grande FRA"]
[Date "2012.03.03"]
[Round "1"]
[White "Sequera Paolini, Jose"]
[Black "Zherebukh, Yaroslav"]
[Result "0-1"]
[WhiteElo "2405"]
[BlackElo "2642"]
[EventDate "2012.03.03"]

1.f4 Nf6 2.Nf3 c5 3.e3 g6 4.Be2 Bg7 5.O-O O-O 6.d3 d5 7.Ne5 Qb6 8.Nd2 Nc6 
9.Ndf3 Nd7 10.Nxc6 bxc6 11.Qe1 f5 12.Qh4 Re8 13.e4 Bf6 14.Ng5 Nf8 15.exf5 
Bxf5 16.g4 c4+ 17.Kh1 cxd3 18.cxd3 Bd7 19.f5 Qd4 20.Nf3 Bxh4 21.Nxd4 Bf6 
22.Nb3 Reb8 23.d4 a5 24.g5 Bh8 25.f6 Bf5 26.Bf4 Re8 27.Bf3 exf6 28.gxf6 a4
29.Nd2 Bxf6 30.Rac1 Bd7 31.Bg3 Bxd4 32.Rc2 Ne6 33.Bg2 Ng7 34.Nf3 Bf6 35.
Nh4 Nh5 36.Rcf2 Nxg3+ 37.hxg3 Be5 0-1

[Event "28. Cappelle Open"]
[Site "Cappelle la Grande FRA"]
[Date "2012.03.03"]
[Round "1"]
[White "Astaneh Lopez, Alex"]
[Black "Fedorchuk, Sergey A"]
[Result "0-1"]
[WhiteElo "2400"]
[BlackElo "2634"]
[EventDate "2012.03.03"]

1.e4 c5 2.Nf3 e6 3.d4 cxd4 4.Nxd4 a6 5.Bd3 Bc5 6.Nb3 Be7 7.Qg4 g6 8.Qe2 d6
9.O-O Nd7 10.a4 b6 11.Na3 Ne5 12.Nc4 Nxc4 13.Bxc4 Bb7 14.Rd1 Qc7 15.Bf4 
Nf6 16.Nd2 O-O 17.Bd3 Nh5 18.Be3 Nf6 19.Nc4 Nd7 20.a5 b5 21.Nb6 Nxb6 22.
axb6 Qc6 23.f3 Rfc8 24.Bd4 Bf8 25.Qf2 Bg7 26.Bxg7 Kxg7 27.b3 Qc3 28.f4 Qc5
29.c4 Qxf2+ 30.Kxf2 Rc6 31.cxb5 axb5 32.Rxa8 Bxa8 33.Ra1 Bb7 34.Ke3 b4 35.
e5 Rxb6 36.Be4 dxe5 37.fxe5 Bxe4 38.Kxe4 Rc6 39.Ra4 Rc2 40.g3 Rxh2 41.Rxb4
g5 42.Rc4 h5 43.b4 Rb2 44.Kd4 Rb3 45.Kc5 Rxg3 46.b5 h4 47.b6 h3 48.Rc1 Rb3
49.Kc6 Kg6 50.b7 g4 0-1

[Event "28. Cappelle Open"]
[Site "Cappelle la Grande FRA"]
[Date "2012.03.03"]
[Round "1"]
[White "Romanov, Evgeny"]
[Black "Clery, Nicolas"]
[Result "1-0"]
[WhiteElo "2625"]
[BlackElo "2400"]
[EventDate "2012.03.03"]

1.c4 e6 2.g3 d5 3.Bg2 dxc4 4.Qa4+ c6 5.Qxc4 b5 6.Qc2 Bb7 7.Nc3 a6 8.a4 Nd7
9.d3 Ngf6 10.Nf3 Be7 11.O-O O-O 12.e4 Qb6 13.e5 Nd5 14.Nxd5 cxd5 15.Be3 
Bc5 16.a5 Qa7 17.d4 Be7 18.Ng5 g6 19.Qd3 Rfc8 20.h4 Nf8 21.h5 Bc6 22.Qd1 
Be8 23.Qg4 Qd7 24.Nf3 Rc2 25.Bg5 Qd8 26.Bh6 Rac8 27.hxg6 hxg6 28.Rfb1 b4 
29.Bf1 Bb5 30.Bxb5 axb5 31.Kg2 Re2 32.Nd2 1-0

[Event "28. Cappelle Open"]
[Site "Cappelle la Grande FRA"]
[Date "2012.03.03"]
[Round "1"]
[White "Barbosa, Evandro Amorim"]
[Black "Andriasian, Zaven"]
[Result "0-1"]
[WhiteElo "2399"]
[BlackElo "2616"]
[EventDate "2012.03.03"]

1.e4 c5 2.Nf3 d6 3.d4 cxd4 4.Nxd4 Nf6 5.Nc3 a6 6.Be3 Ng4 7.Bg5 h6 8.Bh4 g5
9.Bg3 Bg7 10.h3 Ne5 11.f3 Nbc6 12.Bf2 Be6 13.Nxe6 fxe6 14.h4 Qa5 15.Qd2 
O-O-O 16.O-O-O b5 17.a3 Nc4 18.Bxc4 bxc4 19.Be3 Kd7 20.Ne2 Bxb2+ 21.Kxb2 
Rb8+ 22.Ka2 Nb4+ 23.Qxb4 Rxb4 24.Bd2 Rhb8 0-1

[Event "28. Cappelle Open"]
[Site "Cappelle la Grande FRA"]
[Date "2012.03.03"]
[Round "1"]
[White "Gurevich, M"]
[Black "Debray, Christopher"]
[Result "1-0"]
[WhiteElo "2611"]
[BlackElo "2396"]
[EventDate "2012.03.03"]

1.c4 e5 2.g3 Nf6 3.Bg2 Nc6 4.Nc3 Bb4 5.Nd5 Nxd5 6.cxd5 Ne7 7.Nf3 Bd6 8.e4 
c6 9.d4 cxd5 10.dxe5 Bb4+ 11.Bd2 Bxd2+ 12.Qxd2 dxe4 13.Ng5 e3 14.fxe3 Nc6 
15.Ne4 O-O 16.Nd6 Nxe5 17.O-O f6 18.Rac1 Kh8 19.Rc5 Nf7 20.Rfc1 Nxd6 21.
Qxd6 Re8 22.Bd5 Rxe3 23.Bf7 h6 24.Rc7 Kh7 25.Qd2 Re7 26.Qc2+ Kh8 27.Bg6 d6
28.Rxc8 1-0

[Event "28. Cappelle Open"]
[Site "Cappelle la Grande FRA"]
[Date "2012.03.03"]
[Round "1"]
[White "Bijaoui, Manuel"]
[Black "Amin, Bassem"]
[Result "0-1"]
[WhiteElo "2395"]
[BlackElo "2608"]
[EventDate "2012.03.03"]

1.e4 e5 2.Nf3 Nc6 3.Bb5 a6 4.Ba4 Nf6 5.O-O Be7 6.d3 d6 7.c3 O-O 8.Re1 Nb8 
9.d4 Nbd7 10.Nbd2 b5 11.Bc2 Bb7 12.a4 Re8 13.Nf1 Bf8 14.Ng3 g6 15.Bd3 c6 
16.Bg5 h6 17.Be3 Bg7 18.h3 Qc7 19.Qd2 Kh7 20.Ra2 Nb6 21.b3 bxa4 22.bxa4 c5
23.dxe5 dxe5 24.a5 Nc8 25.Qe2 Nd6 26.Nd2 Rec8 27.Ra4 Nb5 28.Rc1 Qc6 29.Qd1
Rd8 30.Be2 Bc8 31.Raa1 Be6 32.Qa4 Rac8 33.Bc4 Bxc4 34.Qxc4 Nd6 35.Qa4 c4 
36.Qxc6 Rxc6 37.f3 Nb5 38.Ra4 Rdc8 39.Bf2 Nd7 40.Ngf1 h5 41.Rc2 Bh6 42.Be3
Bf8 43.Kf2 f5 44.g3 f4 45.gxf4 exf4 46.Bd4 Bg7 47.Bxg7 Kxg7 48.Ke2 Ne5 49.
Nb1 Rd6 50.Na3 Nxa3 51.Rxa3 Rd3 52.Nd2 Rcd8 53.Ra4 Re3+ 0-1

[Event "28. Cappelle Open"]
[Site "Cappelle la Grande FRA"]
[Date "2012.03.03"]
[Round "1"]
[White "Solak, Dragan"]
[Black "Berkovich, Mark A"]
[Result "1-0"]
[WhiteElo "2602"]
[BlackElo "2389"]
[EventDate "2012.03.03"]

1.e4 e5 2.Nf3 Nc6 3.Bb5 Nge7 4.Nc3 g6 5.d4 exd4 6.Nd5 Bg7 7.Bg5 h6 8.Bf6 
Bxf6 9.Nxf6+ Kf8 10.Qd2 Ng8 11.Nxg8 Kxg8 12.O-O-O Qf6 13.Bxc6 dxc6 14.Qxd4
Qxd4 15.Nxd4 Kg7 16.Rd3 Re8 17.f3 Re7 18.Rhd1 Bd7 19.Ne2 Be6 20.Nf4 Kf6 
21.Rd8 Re8 22.Rxe8 Rxe8 23.a3 Bc8 24.Kd2 Ke7 25.g4 Rg8 26.Ke3 b6 27.Rd2 
Bd7 28.h4 a5 29.Rg2 Rd8 30.Nd3 Be8 31.f4 c5 32.Rd2 Bb5 33.Ne5 Rd6 34.g5 
hxg5 35.hxg5 Rxd2 36.Kxd2 Bf1 37.Ke3 Bh3 38.Kf3 Be6 39.Ng4 b5 40.Ne3 Kd6 
41.f5 Ba2 42.Kf4 a4 43.Ng4 gxf5 44.exf5 b4 45.Nh6 Ke7 46.Ke5 c4 47.c3 bxa3
48.bxa3 Bb1 49.Ng8+ Kd7 50.Nf6+ Ke7 51.Nd5+ Kd7 52.Kf6 1-0

[Event "28. Cappelle Open"]
[Site "Cappelle la Grande FRA"]
[Date "2012.03.03"]
[Round "1"]
[White "Shirazi, Kamran"]
[Black "Fier, Alexandr"]
[Result "0-1"]
[WhiteElo "2385"]
[BlackElo "2599"]
[EventDate "2012.03.03"]

1.d4 Nf6 2.Nc3 d5 3.Bg5 Nbd7 4.a3 g6 5.h4 c6 6.h5 Nxh5 7.e4 dxe4 8.Rxh5 
gxh5 9.Qxh5 Qa5 10.d5 Bg7 11.Ne2 Ne5 12.Bf4 Bg4 13.Qh2 Ng6 14.Bc7 Qc5 15.
Nxe4 Qxc2 16.f3 cxd5 17.Rc1 Qxb2 18.N4g3 Rc8 19.fxg4 Be5 20.Qh6 Bxc7 21.
Rxc7 Rxc7 22.Nf5 e6 23.Nfd4 Qxa3 24.Qg7 Qe3 25.Kd1 Qf2 0-1

[Event "28. Cappelle Open"]
[Site "Cappelle la Grande FRA"]
[Date "2012.03.03"]
[Round "1"]
[White "Kovchan, Alexander"]
[Black "Cotonnec, Melkior"]
[Result "1-0"]
[WhiteElo "2598"]
[BlackElo "2384"]
[EventDate "2012.03.03"]

1.e4 c5 2.Nf3 Nc6 3.d4 cxd4 4.Nxd4 g6 5.c4 Bg7 6.Be3 Nf6 7.Nc3 O-O 8.Be2 
d6 9.O-O Nxd4 10.Bxd4 Be6 11.Qd2 Qa5 12.Rad1 Rfc8 13.b3 Nd7 14.Bxg7 Kxg7 
15.f4 f6 16.Rf3 Rf8 17.Kh1 Rac8 18.Qe1 Rc5 19.Qh4 Rh5 20.Qg3 Rc5 21.Re3 a6
22.Bg4 Bxg4 23.Qxg4 Qd8 24.Ne2 Rf7 25.Nd4 Nf8 26.Nf5+ Kh8 27.Nh6 Rg7 28.e5
f5 29.Qh4 Rc6 30.e6 Qe8 31.a4 Rc7 32.Qe1 Rc5 33.a5 g5 34.Nf7+ Kg8 35.Nxg5 
Qg6 36.g3 h6 37.Nf3 Qf6 38.Rd5 Rg6 39.Rxc5 dxc5 40.Ne5 Rg7 41.Nf3 Rg6 42.
Nh4 Rg4 43.h3 Rg7 44.Re5 Ng6 45.Rxf5 Qb2 46.Ng2 Qxb3 47.Rxc5 Qf3 48.Qe3 
Qd1+ 49.Kh2 Qc2 50.Qf3 Nf8 51.f5 Qb2 52.Rc8 Qe5 53.Ne3 h5 54.h4 Qb2+ 55.
Kh3 Qa1 56.Nd5 Qe5 57.Qf4 Qa1 58.Rxf8+ 1-0

[Event "28. Cappelle Open"]
[Site "Cappelle la Grande FRA"]
[Date "2012.03.03"]
[Round "1"]
[White "Rios, Cristhian Camilo"]
[Black "Sandipan, Chanda"]
[Result "0-1"]
[WhiteElo "2384"]
[BlackElo "2595"]
[EventDate "2012.03.03"]

1.d4 Nf6 2.c4 e6 3.Nc3 Bb4 4.e3 Bxc3+ 5.bxc3 d6 6.Nf3 c5 7.Be2 Nc6 8.Qc2 
e5 9.d5 Ne7 10.e4 Ng6 11.O-O O-O 12.Ne1 Kh8 13.h3 Qe7 14.Bg5 Nf4 15.Bg4 
Bxg4 16.hxg4 Rg8 17.Nd3 h6 18.Bxf6 gxf6 19.f3 h5 20.Qd2 hxg4 21.Nxf4 exf4 
22.Qxf4 Rg6 23.fxg4 Kg7 24.Rf3 Re8 25.Re1 Qd7 26.Rg3 Re5 27.Rf1 Reg5 28.
Rff3 Rxg4 29.Rxg4 Qxg4 30.Qxg4 Rxg4 31.Re3 Kf8 32.Kf2 Rh4 33.Re1 f5 34.Kg3
Rh5 35.e5 Ke7 36.exd6+ Kxd6 37.Re8 Rg5+ 38.Kf4 Rxg2 39.Rd8+ Ke7 40.Rb8 b6 
41.Kxf5 Rxa2 42.Rb7+ Kd6 43.Kf6 Ra4 44.Kxf7 Rxc4 0-1

[Event "28. Cappelle Open"]
[Site "Cappelle la Grande FRA"]
[Date "2012.03.03"]
[Round "1"]
[White "Burmakin, Vladimir"]
[Black "Marholev, Dimitar"]
[Result "1/2-1/2"]
[WhiteElo "2592"]
[BlackElo "2383"]
[EventDate "2012.03.03"]

1.d4 Nf6 2.Nf3 b5 3.Bf4 Bb7 4.e3 a6 5.Nbd2 g6 6.c4 b4 7.c5 d6 8.cxd6 cxd6 
9.Bc4 e6 10.h3 Nc6 11.Be2 Be7 12.Bh6 Bf8 13.Bf4 Be7 14.Bh6 Bf8 15.Bxf8 
Kxf8 16.O-O Kg7 17.Qa4 Nd5 18.Rfc1 Nb6 19.Qb3 a5 20.e4 Qe7 21.Nc4 a4 22.
Qe3 Nxc4 23.Rxc4 Rhc8 24.Rac1 Ra5 25.a3 bxa3 26.Qxa3 d5 27.Qxe7 Nxe7 28.
Rxc8 Bxc8 29.Rc7 Kf8 30.Ne5 Ra8 31.Bf3 f6 32.Nd3 dxe4 33.Bxe4 Rb8 34.Ra7 
Rb3 35.Rxa4 f5 36.Nc5 Rxb2 37.Bf3 Kf7 38.Nd3 Rb1+ 39.Kh2 Kf6 40.Ra7 g5 41.
Rc7 Rb3 42.Ne5 Rb2 43.Nc6 Rb7 44.Rxb7 Bxb7 45.Nxe7 Bxf3 46.Ng8+ Kf7 47.
gxf3 Kxg8 48.f4 h6 49.fxg5 hxg5 50.f4 gxf4 51.Kg2 Kg7 52.Kf3 Kg6 53.Kxf4 
Kh5 54.d5 1/2-1/2

[Event "28. Cappelle Open"]
[Site "Cappelle la Grande FRA"]
[Date "2012.03.03"]
[Round "1"]
[White "Calistri, Tristan"]
[Black "Ramirez Alvarez, Alejandro"]
[Result "1/2-1/2"]
[WhiteElo "2382"]
[BlackElo "2591"]
[EventDate "2012.03.03"]

1.e4 c5 2.Nf3 e6 3.d4 cxd4 4.Nxd4 a6 5.Bd3 Nf6 6.O-O e5 7.Bg5 h6 8.Bxf6 
Qxf6 9.Nf5 g6 10.Ne3 Bc5 11.Nc3 d6 12.Ncd5 Qd8 13.c3 Be6 14.Bc2 O-O 15.Ng4
Kg7 16.Ngf6 Nd7 17.Nxd7 Qxd7 18.Kh1 Rae8 19.Qd2 f5 20.exf5 gxf5 21.b4 Ba7 
22.Rad1 Qf7 23.Bb3 Rd8 24.Qe2 Kh8 25.c4 Qg7 26.f4 e4 27.Qh5 Bg8 28.Rfe1 
Bh7 29.Qh4 Bd4 30.Re2 a5 31.bxa5 Bc5 32.Qe1 Bg6 33.Qh4 Ra8 34.Nb6 Rxa5 35.
Nd7 Rg8 36.Nxc5 dxc5 37.Re3 Ra6 38.Rh3 Bf7 39.Rg3 Rg6 40.Rd7 Rxg3 41.hxg3 
Qg6 42.Rxb7 e3 43.Re7 Be6 44.Kg1 Rg7 45.Bc2 e2 46.Kf2 Rxe7 47.Qxe7 Qxg3+ 
48.Kxg3 e1=Q+ 49.Kh2 Qe2 50.Qf6+ Kg8 51.Qg6+ Kf8 52.Qxh6+ Kf7 53.Qh7+ Kf6 
54.Qh8+ Kf7 55.Bb3 Qf2 56.Qh5+ Ke7 57.Qg5+ Kf7 58.Qg3 Qd4 59.Qg5 Qh8+ 60.
Kg3 Qc3+ 61.Kh2 Qh8+ 62.Kg3 Qc3+ 63.Kh4 Qe1+ 64.Kh3 Qc3+ 65.Qg3 Qd4 66.Qh4
Qd3+ 67.Qg3 Qd4 68.Qh4 Qd3+ 69.Qg3 Qd4 70.Qh4 1/2-1/2

[Event "28. Cappelle Open"]
[Site "Cappelle la Grande FRA"]
[Date "2012.03.03"]
[Round "1"]
[White "Kravtsiv, Martyn"]
[Black "Krzyzanowski, Marcin"]
[Result "1/2-1/2"]
[WhiteElo "2588"]
[BlackElo "2378"]
[EventDate "2012.03.03"]

1.e4 c5 2.Nf3 a6 3.g3 d6 4.Bg2 Nf6 5.d3 g6 6.O-O Bg7 7.Nh4 Nc6 8.Nc3 O-O 
9.f4 Rb8 10.f5 Ne5 11.Bf4 b5 12.Qd2 b4 13.Ne2 Ne8 14.Kh1 e6 15.Rae1 Bb7 
16.fxe6 fxe6 17.c3 bxc3 18.bxc3 c4 19.Nd4 Nc7 20.dxc4 Nxc4 21.Qe2 Ne5 22.
Nhf3 Qe8 23.Rb1 Nxf3 24.Nxf3 Nb5 25.Rxb5 Qxb5 26.Qxb5 axb5 27.Bxd6 Bxe4 
28.Bxb8 Rxb8 29.Nd4 Bxd4 30.Bxe4 Bxc3 31.Bc2 b4 32.Bb3 Re8 33.Kg2 Kg7 34.
Kf3 Rf8+ 35.Ke2 Rxf1 36.Kxf1 Kf6 37.Ke2 Kf5 38.Kf3 Ke5 39.Bc4 Bd4 40.Bb3 
Bc3 1/2-1/2

[Event "28. Cappelle Open"]
[Site "Cappelle la Grande FRA"]
[Date "2012.03.04"]
[Round "2"]
[White "Rasulov, Vugar"]
[Black "Harikrishna, Pendyala"]
[Result "0-1"]
[WhiteElo "2526"]
[BlackElo "2678"]
[EventDate "2012.03.03"]

1.e4 e5 2.Nf3 Nc6 3.Bb5 Nf6 4.O-O Nxe4 5.d4 Nd6 6.Bxc6 dxc6 7.dxe5 Nf5 8.
Qxd8+ Kxd8 9.Nc3 Bd7 10.h3 b6 11.b3 Kc8 12.Bb2 h5 13.Rad1 Be7 14.Ne2 a5 
15.a4 c5 16.Nf4 Bc6 17.Nd5 Kb7 18.c4 Rae8 19.Rd3 Bd8 20.Rfd1 Kc8 21.Ne1 
Nh4 22.Rg3 Rhg8 23.Re3 g5 24.Nd3 g4 25.hxg4 Rxg4 26.Rg3 Rxg3 27.fxg3 Nf5 
28.Rf1 Bd7 29.Rf3 Rg8 30.Kh2 Nh6 31.Nf2 Be6 32.Ne4 Ng4+ 33.Kg1 Re8 34.Nf4 
Bf5 35.Nf2 Nxf2 36.Rxf2 Bg5 37.Kh2 Bxf4 38.gxf4 h4 39.Bc3 Rd8 40.Be1 Rd3 
41.Rb2 h3 42.Bg3 hxg2 43.Kxg2 Be4+ 44.Kh3 Kd7 45.Kg4 Ke6 46.Bh4 Bf5+ 47.
Kh5 Rd1 48.Bf6 Rh1+ 49.Kg5 Rg1+ 50.Kh5 Be4 51.Rd2 Kf5 52.Kh6 Kxf4 53.Rf2+ 
Ke3 54.Rh2 Rg6+ 55.Kh5 Bf3+ 56.Kh4 Kf4 57.Kh3 Rh6+ 58.Bh4 Kxe5 59.Kg3 Bd1 
60.Rb2 f5 61.Bd8 f4+ 62.Kg2 Ke4 63.Kg1 Rh7 64.Rb1 Bc2 65.Re1+ Kf5 66.Re7 
Rxe7 67.Bxe7 Ke6 68.Bg5 Bxb3 69.Bxf4 Kd7 70.Kf2 Bxc4 0-1

[Event "28. Cappelle Open"]
[Site "Cappelle la Grande FRA"]
[Date "2012.03.04"]
[Round "2"]
[White "Sanchez, Joseph"]
[Black "Kurnosov, Igor"]
[Result "1/2-1/2"]
[WhiteElo "2526"]
[BlackElo "2657"]
[EventDate "2012.03.03"]

1.e4 c5 2.Nf3 e6 3.d4 cxd4 4.Nxd4 a6 5.Bd3 Bc5 6.Nb3 Be7 7.O-O d6 8.Qe2 
Nf6 9.Nc3 Qc7 10.f4 Nbd7 11.Bd2 b5 12.Rae1 b4 13.Nd1 Bb7 14.Nf2 a5 15.Nd4 
O-O 16.e5 dxe5 17.fxe5 Nd5 18.Nf3 Nc5 19.Ne4 Nxd3 20.cxd3 Qc2 21.Bg5 Qxe2 
22.Rxe2 f6 23.exf6 gxf6 24.Bh6 Rfe8 25.Nd4 f5 26.Nf2 Bf6 27.Nf3 Nb6 28.Nh3
Na4 29.Nf4 Nxb2 30.Ne5 Rad8 31.Nh5 Bxe5 32.Rxe5 Kf7 33.Rxa5 Kg6 34.Bc1 
Kxh5 35.Bxb2 Rxd3 36.Rb5 Bd5 37.Rxb4 Rg8 38.g3 Rc8 39.Rd4 Rxd4 40.Bxd4 
Bxa2 41.h3 Bd5 42.Rf4 Rc1+ 43.Rf1 Rc4 44.Rf4 Kg6 45.Be5 Rc1+ 46.Rf1 Rc5 
47.Bd4 Rc4 48.Rf4 Be4 49.Be5 Rc5 50.Bd4 Rd5 51.Bc3 Rd3 52.Be1 Rd1 53.Kf2 
e5 54.Rh4 Rc1 55.Rh6+ Kg7 56.Re6 Rc5 57.Bd2 h5 58.Ke3 Rd5 59.Rxe5 Rd3+ 60.
Ke2 Rxg3 61.h4 Kf6 62.Re8 Rg2+ 63.Ke1 Kf7 64.Re5 Rg1+ 65.Kf2 Rg2+ 66.Ke1 
Rg6 67.Bg5 Ra6 68.Kf2 Bc2 69.Rc5 Ra2 70.Ke3 Ke6 71.Kd4 Be4 72.Re5+ Kd6 73.
Be7+ Kc6 74.Rc5+ Kd7 75.Bg5 Kd6 76.Bf4+ Ke6 77.Re5+ Kd7 78.Rc5 Ra4+ 79.Rc4
Ra6 80.Rb4 Ke6 81.Bc7 Kd7 82.Bf4 Re6 83.Rb5 Re8 84.Rc5 Bb1 85.Rd5+ Kc6 86.
Rc5+ Kb6 87.Bc7+ Kb7 88.Be5 Be4 89.Rc7+ Kb6 90.Rh7 Bf3 91.Rf7 Bg4 92.Kd5 
Bf3+ 93.Kd4 Be4 94.Rh7 Bf3 95.Rf7 Be4 1/2-1/2

[Event "28. Cappelle Open"]
[Site "Cappelle la Grande FRA"]
[Date "2012.03.04"]
[Round "2"]
[White "Kanep, Meelis"]
[Black "Petrosian, Tigran L"]
[Result "0-1"]
[WhiteElo "2516"]
[BlackElo "2643"]
[EventDate "2012.03.03"]

1.d4 d5 2.c4 c6 3.Nf3 Nf6 4.e3 Bf5 5.Nc3 e6 6.Nh4 Bg6 7.Be2 Nbd7 8.O-O 
dxc4 9.Nxg6 hxg6 10.Bxc4 Bd6 11.h3 Nb6 12.Bb3 e5 13.dxe5 Bxe5 14.Qc2 Qe7 
15.Rd1 g5 16.Qf5 g6 17.Qf3 Nbd7 18.e4 g4 19.hxg4 Bh2+ 20.Kf1 Ne5 21.Qe2 
Nfxg4 22.Ke1 Rd8 23.Qf1 Qh4 24.Ke2 Rxd1 25.Bxd1 Qd8 26.Bc2 Qd4 27.Be3 Nxe3
28.fxe3 Qc4+ 29.Kd2 Qxf1 30.Rxf1 Nc4+ 31.Ke2 Be5 32.Bb3 Nd6 33.Nd1 Ke7 34.
Bc2 Rh4 35.Kf3 Nc4 36.Ke2 Rg4 37.Kf3 Rg5 38.Rh1 Bxb2 39.Nxb2 Nxb2 40.Bb3 
Nd3 0-1

[Event "28. Cappelle Open"]
[Site "Cappelle la Grande FRA"]
[Date "2012.03.04"]
[Round "2"]
[White "Zherebukh, Yaroslav"]
[Black "Tazbir, Marcin"]
[Result "0-1"]
[WhiteElo "2642"]
[BlackElo "2513"]
[EventDate "2012.03.03"]

1.e4 c5 2.Nf3 d6 3.d4 cxd4 4.Nxd4 Nf6 5.Nc3 a6 6.Be3 e5 7.Nb3 Be6 8.f3 
Nbd7 9.Qd2 b5 10.O-O-O Nb6 11.Qf2 Nfd7 12.f4 Rc8 13.f5 Bc4 14.Bd3 Be7 15.
Kb1 Na4 16.Nd5 Bxd5 17.exd5 Bg5 18.g4 Bxe3 19.Qxe3 Ndb6 20.c3 Qd7 21.Ka1 
Nxd5 22.Qf3 Nf4 23.Be4 Nb6 24.f6 g6 25.h4 h5 26.gxh5 Rxh5 27.Bb7 Rc7 28.
Bxa6 Ne6 29.Qf1 e4 30.Nd2 Qc6 31.Nxe4 Qxe4 32.Bxb5+ Kf8 33.Rxd6 Rxb5 34.h5
g5 35.h6 Kg8 36.h7+ Kh8 37.Qh3 Rxb2 0-1

[Event "28. Cappelle Open"]
[Site "Cappelle la Grande FRA"]
[Date "2012.03.04"]
[Round "2"]
[White "Fedorchuk, Sergey A"]
[Black "Jojua, Davit"]
[Result "1/2-1/2"]
[WhiteElo "2634"]
[BlackElo "2507"]
[EventDate "2012.03.03"]

1.e4 c6 2.Nc3 d5 3.Nf3 Bg4 4.h3 Bxf3 5.Qxf3 e6 6.a3 Nf6 7.d3 Nbd7 8.g3 g6 
9.Bg2 Bg7 10.Qe2 O-O 11.O-O d4 12.Nb1 e5 13.f4 Nh5 14.Qe1 Bh6 15.Bf3 Ng7 
16.Bg2 Nh5 17.Bf3 Ng7 18.Bg2 Nh5 19.Bf3 Ng7 20.Bg2 Nh5 1/2-1/2

[Event "28. Cappelle Open"]
[Site "Cappelle la Grande FRA"]
[Date "2012.03.04"]
[Round "2"]
[White "Lagarde, Maxime"]
[Black "Romanov, Evgeny"]
[Result "1/2-1/2"]
[WhiteElo "2488"]
[BlackElo "2625"]
[EventDate "2012.03.03"]

1.e4 e5 2.Nf3 Nc6 3.Bb5 a6 4.Ba4 Nf6 5.d3 d6 6.c3 g6 7.Nbd2 Bg7 8.Nf1 O-O 
9.Ng3 Nd7 10.O-O Nc5 11.Bc2 Ne6 12.Be3 d5 13.exd5 Qxd5 14.Ne4 Qd8 15.Bb3 
Na5 16.Bxe6 Bxe6 17.Nc5 Bc8 18.b4 Nc6 19.a4 b6 20.Nb3 Be6 21.a5 e4 22.Nbd4
Nxd4 23.Nxd4 exd3 24.axb6 cxb6 25.Qxd3 Rc8 26.Rfd1 Bc4 27.Qd2 Re8 28.Bh6 
Bh8 29.Re1 Qd7 30.h3 Rxe1+ 31.Rxe1 a5 32.bxa5 bxa5 33.Qg5 a4 34.Re7 Qd8 
35.Ra7 Qxg5 36.Bxg5 Bb3 37.Nxb3 axb3 38.Rb7 Rxc3 39.Rb8+ Kg7 40.Be3 Rd3 
41.Kf1 h5 42.Ke2 Rd7 1/2-1/2

[Event "28. Cappelle Open"]
[Site "Cappelle la Grande FRA"]
[Date "2012.03.04"]
[Round "2"]
[White "Andriasian, Zaven"]
[Black "Horvath, Adam"]
[Result "1-0"]
[WhiteElo "2616"]
[BlackElo "2487"]
[EventDate "2012.03.03"]

1.e4 c5 2.Nf3 e6 3.d4 cxd4 4.Nxd4 Nc6 5.Nc3 Qc7 6.f4 Nxd4 7.Qxd4 a6 8.Be3 
b5 9.O-O-O Bb7 10.Kb1 Rc8 11.Bd3 Nf6 12.e5 Ng4 13.Ne4 Nxe3 14.Qxe3 Be7 15.
Qg3 g6 16.h4 h5 17.Rhe1 Bd5 18.Nf6+ Bxf6 19.exf6 Qa5 20.b3 Qc3 21.f5 gxf5 
22.Qg7 Rf8 23.Bxf5 a5 24.Re2 a4 25.Rd3 Qc5 26.Qg3 axb3 27.axb3 Bxb3 28.
Rxb3 Qxf5 29.Qe5 Qf1+ 30.Kb2 Rg8 31.Rf3 Qd1 32.Rc3 Ra8 33.Ra3 Rd8 34.Qc5 
d6 35.Qc6+ Kf8 36.Qb6 1-0

[Event "28. Cappelle Open"]
[Site "Cappelle la Grande FRA"]
[Date "2012.03.04"]
[Round "2"]
[White "Baryshpolets, Andrey"]
[Black "Gurevich, M"]
[Result "1/2-1/2"]
[WhiteElo "2486"]
[BlackElo "2611"]
[EventDate "2012.03.03"]

1.d4 Nf6 2.c4 e6 3.Nf3 b6 4.g3 Ba6 5.b3 Bb4+ 6.Bd2 Be7 7.Bg2 c6 8.Bc3 d5 
9.Nbd2 Nbd7 10.O-O O-O 11.Re1 c5 12.e4 Nxe4 13.Nxe4 dxe4 14.Rxe4 Bb7 15.
Re3 Bf6 16.d5 exd5 17.cxd5 Re8 18.Rxe8+ Qxe8 19.Rc1 Rd8 20.Nd2 Bxc3 21.
Rxc3 Nf6 22.Nc4 Ba6 23.Re3 Qd7 24.Ne5 Qd6 25.Ng4 Kf8 26.Nxf6 Qxf6 27.h4 
Qb2 28.Qh5 Qb1+ 29.Kh2 Qg6 30.Qe5 Qd6 31.Qe4 g6 32.h5 Bc8 33.Qh4 Kg7 34.
Re7 a5 35.a4 Bf5 36.h6+ Kf8 37.Ra7 Re8 38.Bf1 Re4 39.Ra8+ Re8 40.Ra7 Re4 
41.Ra8+ Re8 42.Rxe8+ Kxe8 43.Bb5+ Kf8 44.Bc6 f6 45.Qc4 Ke7 46.Qa6 Qb8 47.
Qe2+ Qe5 48.Qa6 Qb8 49.Qe2+ Qe5 50.Qa6 Qc7 51.Qe2+ Qe5 1/2-1/2

[Event "28. Cappelle Open"]
[Site "Cappelle la Grande FRA"]
[Date "2012.03.04"]
[Round "2"]
[White "Amin, Bassem"]
[Black "Vera Gonzalez-Quevedo, Reynaldo"]
[Result "1-0"]
[WhiteElo "2608"]
[BlackElo "2482"]
[EventDate "2012.03.03"]

1.e4 c5 2.Nf3 d6 3.d4 cxd4 4.Nxd4 Nf6 5.Nc3 a6 6.Bc4 e6 7.Bb3 Be7 8.g4 O-O
9.Be3 Nc6 10.g5 Nd7 11.Rg1 Nxd4 12.Bxd4 Nc5 13.Qh5 Nxb3 14.axb3 g6 15.Qh6 
e5 16.Be3 Be6 17.f4 exf4 18.Bd4 f6 19.Ne2 Qc8 20.Kd2 Rf7 21.gxf6 Bxf6 22.
Rxg6+ hxg6 23.Qxg6+ Bg7 24.Rg1 Qd7 25.Nxf4 Rxf4 26.Bxg7 Bf5 27.exf5 Qxf5 
28.Qxd6 Rf2+ 29.Ke1 Rf1+ 30.Rxf1 Re8+ 31.Be5 Rxe5+ 32.Kd2 Rd5+ 33.Ke3 Re5+
34.Kd4 Qe4+ 35.Kc3 Qe3+ 36.Qd3 Rc5+ 37.Kb4 Rb5+ 38.Ka4 Qxd3 39.cxd3 Rh5 
40.Rf2 Rh3 41.Rd2 Kf7 42.b4 Ke6 43.b5 Kd5 44.Ka5 Rh6 45.bxa6 Rxa6+ 46.Kb5 
Kd4 47.Rc2 Ra2 48.Kb6 Kxd3 49.Rg2 Ra4 50.Kxb7 Rh4 51.Kc6 Kc4 52.Kd6 Kb3 
53.Ke5 Rh8 54.Kf6 Rh7 55.Kg6 Rh8 56.Rd2 Kc4 57.Rf2 Kb3 58.Re2 Kc4 59.Rd2 
Kb3 60.Rf2 Rg8+ 61.Kh7 Rg4 62.Kh6 Rh4+ 63.Kg5 Rh8 64.h4 Rg8+ 65.Kf4 Rf8+ 
66.Kg3 Rg8+ 67.Kh3 Rh8 68.Rh2 1-0